000 00905nam a2200313Ia 4500
003 OSt
005 20220912144931.0
006 a|||||r|||| 00| 0
007 ta
008 220909b |||||||| |||| 00| 0 eng d
020 _a9789380501598 (pbk)
024 _a110945
037 _cTextbook
040 _aCSL
_beng
_cCSL
041 _aeng
082 _aE92Z2, P9 TK
100 _aBurgess Richard R Ed.
245 0 _aGuide to protein purification
250 _a2
260 _aLondon
_bAcademic Press
_c2009
300 _aliii, 851p.
_ccm.
500 _aIncludes bibliographical references.; Index 821-850p.
650 _a Protein-isolation
650 _a Proteins-purification
650 _aProtein research
700 _a Deutscher Murray P Ed.
942 _hE92Z2, P9 TK
_cTB
_2CC
999 _c19378
_d19378